Slow coming dark: interviews on death row

Guardado en:  
Detalles Bibliográficos
Autor principal: Magee, Doug (Autor)
Tipo de documento: Print Libro
Lenguaje:Inglés
Publicado: New York Pilgrim Pr. 1980
En:Año: 1980
Disponibilidad en Tübingen:Disponible en Tübingen.
UB: KB 12 A 236
Verificar disponibilidad: HBZ Gateway
Servicio de pedido Subito: Pedir ahora.

MARC

LEADER 00000cam a22000002c 4500
001 1092058141
003 DE-627
005 20251224220419.0
007 tu
008 901026s1980 xx ||||| 00| ||eng c
035 |a (DE-627)1092058141 
035 |a (DE-576)022058141 
035 |a (DE-599)BSZ022058141 
035 |a (OCoLC)06581626 
040 |a DE-627  |b ger  |c DE-627  |e rakwb 
041 |a eng 
082 0 |a 364.6/6/0922 
082 0 |a B 
100 1 |a Magee, Doug  |4 aut 
245 1 0 |a Slow coming dark  |b interviews on death row  |c Doug Magee 
264 1 |a New York  |b Pilgrim Pr.  |c 1980 
300 |a 181 S. 
336 |a Text  |b txt  |2 rdacontent 
337 |a ohne Hilfsmittel zu benutzen  |b n  |2 rdamedia 
338 |a Band  |b nc  |2 rdacarrier 
583 1 |a Archivierung prüfen  |c 20200919  |f DE-640  |z 2  |2 pdager 
951 |a BO 
ELC |b 1 
LOK |0 000 xxxxxcx a22 zn 4500 
LOK |0 001 2153223210 
LOK |0 003 DE-627 
LOK |0 004 1092058141 
LOK |0 005 20020606000000 
LOK |0 008 901026||||||||||||||||ger||||||| 
LOK |0 040   |a DE-21  |c DE-627  |d DE-21 
LOK |0 852   |a DE-21 
LOK |0 852 1  |c KB 12 A 236  |9 00 
LOK |0 935   |a krim 
LOK |0 936ln  |a k5.6.6 
LOK |0 939   |a 26-10-90  |b l01 
ORI |a SA-MARC-krimdoka001.raw 
SIG |a UB: KB 12 A 236